<?xml version="1.0" encoding="UTF-8"?>
<record
    xmlns:xsi="http://www.w3.org/2001/XMLSchema-instance"
    xsi:schemaLocation="http://www.loc.gov/MARC21/slim http://www.loc.gov/standards/marcxml/schema/MARC21slim.xsd"
    xmlns="http://www.loc.gov/MARC21/slim">

  <leader>00883nam a22002531i 4500</leader>
  <controlfield tag="005">20200816102416.0</controlfield>
  <controlfield tag="008">200811s2018    ii a   j      000 1 tam d</controlfield>
  <datafield tag="020" ind1=" " ind2=" ">
    <subfield code="a">9788123435817</subfield>
    <subfield code="c">RM 19.60</subfield>
    <subfield code="q">paperback</subfield>
  </datafield>
  <datafield tag="040" ind1=" " ind2=" ">
    <subfield code="a">PPAK</subfield>
    <subfield code="b">eng</subfield>
    <subfield code="c">PPAK</subfield>
    <subfield code="e">rda</subfield>
  </datafield>
  <datafield tag="082" ind1="0" ind2="4">
    <subfield code="2">23</subfield>
    <subfield code="a">398.2</subfield>
  </datafield>
  <datafield tag="090" ind1="0" ind2="0">
    <subfield code="a">398.2</subfield>
    <subfield code="b">TAR</subfield>
    <subfield code="d">K</subfield>
  </datafield>
  <datafield tag="245" ind1="0" ind2="0">
    <subfield code="6">880-01</subfield>
    <subfield code="a">Ta&#x1E5F;perumai Ko&#x1E47;&#x1E6D;a M&#x101;&#x1E49; =</subfield>
    <subfield code="b">Proud Deer </subfield>
  </datafield>
  <datafield tag="264" ind1=" " ind2="1">
    <subfield code="a">Chennai, India :</subfield>
    <subfield code="b">Nestling Books Publishing and Distributions (P) Ltd. ,</subfield>
    <subfield code="c">2018.</subfield>
  </datafield>
  <datafield tag="300" ind1=" " ind2=" ">
    <subfield code="a">16 pages :</subfield>
    <subfield code="b">color illustration ;</subfield>
    <subfield code="c">29 cm.</subfield>
  </datafield>
  <datafield tag="336" ind1=" " ind2=" ">
    <subfield code="2">rdacontent</subfield>
    <subfield code="a">text</subfield>
    <subfield code="a">still image</subfield>
  </datafield>
  <datafield tag="337" ind1=" " ind2=" ">
    <subfield code="2">rdamedia</subfield>
    <subfield code="a">unmediated</subfield>
  </datafield>
  <datafield tag="338" ind1=" " ind2=" ">
    <subfield code="2">rdacarrier</subfield>
    <subfield code="a">volume</subfield>
  </datafield>
  <datafield tag="546" ind1=" " ind2=" ">
    <subfield code="a">In Tamil.</subfield>
  </datafield>
  <datafield tag="650" ind1="1" ind2="0">
    <subfield code="a">Tales </subfield>
    <subfield code="v">Juvenile literature.</subfield>
  </datafield>
  <datafield tag="650" ind1="2" ind2="0">
    <subfield code="a">Folklore </subfield>
    <subfield code="v">Juvenile literature.</subfield>
  </datafield>
  <datafield tag="655" ind1=" " ind2="0">
    <subfield code="a">Tamil picture book.</subfield>
  </datafield>
  <datafield tag="880" ind1="0" ind2="0">
    <subfield code="6">245-01</subfield>
    <subfield code="a">&#xBA4;&#xBB1;&#xBCD;&#xBAA;&#xBC6;&#xBB0;&#xBC1;&#xBAE;&#xBC8; &#xB95;&#xBCA;&#xBA3;&#xBCD;&#xB9F; &#xBAE;&#xBBE;&#xBA9;&#xBCD;.</subfield>
  </datafield>
  <datafield tag="942" ind1=" " ind2=" ">
    <subfield code="2">ddc</subfield>
    <subfield code="c">B</subfield>
  </datafield>
  <datafield tag="999" ind1=" " ind2=" ">
    <subfield code="c">178632</subfield>
    <subfield code="d">178631</subfield>
  </datafield>
  <datafield tag="952" ind1=" " ind2=" ">
    <subfield code="0">0</subfield>
    <subfield code="7">0</subfield>
    <subfield code="b">PPAK</subfield>
    <subfield code="c">K</subfield>
    <subfield code="d">2020-09-06</subfield>
    <subfield code="o">K 398.2 TAR</subfield>
    <subfield code="p">A01645907</subfield>
    <subfield code="r">2020-09-06 00:00:00</subfield>
    <subfield code="y">B</subfield>
  </datafield>
  <datafield tag="952" ind1=" " ind2=" ">
    <subfield code="0">0</subfield>
    <subfield code="7">0</subfield>
    <subfield code="b">KM</subfield>
    <subfield code="c">K</subfield>
    <subfield code="d">2020-09-06</subfield>
    <subfield code="l">9</subfield>
    <subfield code="o">K 398.2 TAR</subfield>
    <subfield code="p">A01645908</subfield>
    <subfield code="q">2026-07-12</subfield>
    <subfield code="r">2026-06-21 15:24:15</subfield>
    <subfield code="s">2026-06-21</subfield>
    <subfield code="y">B</subfield>
  </datafield>
</record>
